| 000 | 00369 a2200109 4500 | ||
|---|---|---|---|
| 001 | ART_4741 | ||
| 005 | 20260410161824.0 | ||
| 008 | 260409a | ||
| 245 | 1 | 0 | _aEl Acuerdo Nacional de Formación Continua en España |
| 100 | 1 | _aGacía Iglesias, Susana | |
| 773 | 0 |
_tRevista de trabajo _gFormación profesional - Año 1, Nº 1 (mar./abr. 1994) _wREV4713 |
|
| 999 |
_c22616 _d22616 |
||